[Event "Teresina-ch sf 2a"]
[Site "Teresina"]
[Date "2024.05.26"]
[Round "5"]
[White "Junior, Clovis Nivaldo"]
[Black "Lopes, Leonardo Silva"]
[Result "0-1"]
[WhiteElo "1800"]
[BlackElo "1681"]
[PlyCount "106"]
[EventDate "2024.05.24"]
[EventType "swiss"]
[EventRounds "5"]
[EventCountry "BRA"]
[SourceTitle "CBM 220 Extra"]
[Source "ChessBase"]
[SourceDate "2024.07.31"]
[SourceVersion "1"]
[SourceVersionDate "2024.07.31"]
[SourceQuality "1"]

1. e4 c5 2. Nf3 d6 3. d4 cxd4 4. Nxd4 Nf6 5. Nc3 a6 6. Be2 e5 7. Nb3 Be7 8. 0-0 0-0 9. Be3 Be6 10. f4 b5 11. Bf3 Qc7 12. Qd2 Nbd7 13. f5 Bc4 14. Rf2 Rfd8 15. g4 b4 16. Ne2 Rab8 17. g5 Ne8 18. Rg2 Kh8 19. Kh1 a5 20. Rag1 a4 21. Nbc1 Nc5 22. Ng3 b3 23. axb3 axb3 24. Nh5 Qb7 25. Bxc5 dxc5 26. Qc3 Rd4 27. Nxb3 Bxb3 28. cxb3 Qxb3 29. f6 Bf8 30. fxg7+ Nxg7 31. Nf6 Qxc3 32. bxc3 Rd3 33. Rg3 Be7 34. Nd5 Bd6 35. Nf6 Be7 36. Nd5 Bf8 37. Nf6 Ne8 38. Nd5 Rb2 39. Bh5 Rdd2 40. R3g2 Nd6 41. Rxd2 Rxd2 42. Nf6 Bg7 43. Ra1 Bxf6 44. gxf6 h6 45. Ra8+ Kh7 46. Rf8 Rf2 47. Bxf7 Rxf6 48. Bg8+ Kg7 49. Rxf6 Kxf6 50. Bd5 Kg5 51. h4+ Kxh4 52. Kg2 Kg4 53. Be6+ Kf4 0-1